000 00316nam a2200157Ia 4500
100 _aForouzan/B.A
250 _a2
942 _cBK
654 _aTCP/IP
245 _aTCP/IP Protocol suite
260 _bTata Mc Graw hill Ltd.
_c2003
082 _a4.62
_bFOR
300 _a942
546 _aENGLISH
999 _c29424
_d29424